00344 2200145 4500001002100000005001500021035002000036245004200056100001900098300001200117260003500129082000800164084001400172990001200186INLIS00000000000235220250528105029 a0010-05250006441 aIrresistible Forces /cDanielle Steel0 aDanielle Steel a396 hlm aJakarta :bPT. Gramedia,c2001 a813 a813 DAN i a0712645